Normal view
MARC view
Entry Topical Term
001 - CONTROL NUMBER
- control field: 14822
003 - CONTROL NUMBER IDENTIFIER
- control field: BD-RjUL
005 - DATE AND TIME OF LATEST TRANSACTION
- control field: 20250122115241.0
008 - FIXED-LENGTH DATA ELEMENTS
- fixed length control field: 250122|| aca||aabn | a|a d
040 ## - CATALOGING SOURCE
- Original cataloging agency: BD-RjUL
- Transcribing agency: BD-RjUL
150 ## - HEADING--TOPICAL TERM
- Topical term or geographic name entry element: Book industries and trade
670 ## - SOURCE DATA FOUND
- Source citation: Work cat.: (BD-RjUL)84607: Book production, importation and distribution in Iran, Pakistan and Turkey : , 1966